[Event "8th RTU Open 2018"]
[Site "Riga"]
[Date "2018.08.10"]
[Round "7"]
[White "Lobanov, Sergei"]
[Black "Jackson, James P"]
[Result "1-0"]
[WhiteElo "2531"]
[BlackElo "2380"]
[Annotator "TA"]
[PlyCount "119"]
[EventDate "2018.08.06"]
[EventType "swiss"]
[EventCountry "LAT"]
[SourceTitle "playchess.com"]
[Source "ChessBase"]
[SourceQuality "1"]

{[%evp 30,119,10,13,15,14,12,7,5,0,6,26,15,6,12,5,5,0,0,0,0,0,0,0,0,0,0,0,0,0,0,0,0,0,47,42,99,102,107,106,107,122,114,114,316,81,95,86,185,0,0,0,182,175,195,188,177,90,97,83,192,200,254,248,257,250,29970,29971,29971,29972,29972,29973,29973,29974,29975,29976,29978,29977,29977,29975,29974,0,29976,0,29974,29974,29977,29970,29979,29979,29981,29982]} 1. Nf3 d5 2. g3 Nf6 3. Bg2 e6 4. O-O c5 5. d4 Nc6 6. c4 Be7 7. dxc5 Bxc5 8. cxd5 exd5 9. Bg5 O-O 10. Nc3 d4 11. Ne4 Be7 12. Bxf6 Bxf6 13. b4 {D34: Tarrasch Defence: 6 g3 Nf6 7 Bg2 Be7} (13. Nxf6+ Qxf6 14. b4 Rd8 15. b5 Ne5 16. Rc1 Bg4 17. Nxd4 Rxd4 18. Qxd4 Nf3+ 19. exf3 Qxd4 20. fxg4 Qb6 21. Rfd1 Qxb5 {½-½ (81) Aronian,L (2797)-Wang,Y (2720) Beijing 2014}) 13... a6 14. a4 Nxb4 15. Nxf6+ Qxf6 16. Qxd4 {LiveBook: 12 Games} Qxd4 17. Nxd4 a5 18. Rfc1 Rb8 19. Rc7 $146 ({Predecessor:} 19. Rd1 g6 {½-½ (20) Gromov,S (2244)-Shabaev,V (2165) ICCF email 2013}) 19... b6 20. Rac1 Rd8 21. Nc6 Nxc6 22. Bxc6 ({Avoid the trap} 22. R1xc6 $2 Rd1+ 23. Bf1 Bh3 $19) 22... Be6 23. f4 g6 24. Bb5 Rbc8 25. Kf2 Rxc7 26. Rxc7 $11 {[%mdl 4096] Endgame KRB-KRB} Rd6 27. Ke3 Kg7 28. Ke4 Kf6 29. Kf3 Kg7 30. e4 h5 31. Ke3 Bb3 32. Rb7 Rd1 (32... Be6 $14) 33. Rxb6 $16 Re1+ 34. Kd4 Ra1 35. Kc3 Be6 36. Bc6 Rh1 $2 {[#]} (36... Rc1+ $16 37. Kd3 Rd1+ 38. Kc3 Kf8) 37. Rb2 $2 (37. f5 $1 $18 {[%mdl 512] is the precise move to win.}) 37... Rc1+ 38. Rc2 Rb1 (38... Rd1 $16) 39. Rb2 Rc1+ 40. Rc2 Rb1 $1 41. Kd4 $1 Kf6 42. Kc5 $1 Rb4 43. e5+ (43. Re2 $18) 43... Kf5 44. Bb5 {Hoping for Kb6.} g5 (44... Bb3 $16 {was worth a try.} 45. Rb2 h4) 45. fxg5 $18 Kxg5 {[#]} 46. Kb6 $1 Bb3 {[#]} 47. Rb2 $1 ({Weaker is} 47. Kxa5 Rxb5+ 48. axb5 Bxc2 $17) 47... Bxa4 $2 (47... Bd1 $18 48. Ra2 Bb3) 48. Rxb4 axb4 49. Bxa4 {KB-K3P} Kf5 50. Kc5 Kxe5 51. Kxb4 {KB-KPP} Ke4 52. Kc5 h4 53. Bd1 Ke5 54. Kc6 Ke6 55. Kc5 Ke5 $1 56. Kc6 Ke6 $1 57. Kc7 {White mates.} Ke7 58. Kc8 Ke8 59. g4 h3 60. Bc2 {Precision: White = 50%, Black = 47%.} 1-0

[Event "8th RTU Open 2018"]
[Site "Riga"]
[Date "2018.08.10"]
[Round "7"]
[White "Repka, Christopher"]
[Black "Carlsson, Pontus"]
[Result "1/2-1/2"]
[WhiteElo "2528"]
[BlackElo "2442"]
[Annotator "ChessBase"]
[PlyCount "47"]
[EventDate "2018.08.06"]
[EventType "swiss"]
[EventCountry "LAT"]
[SourceTitle "playchess.com"]
[Source "ChessBase"]
[SourceQuality "1"]
[TimeControl "5400+30"]

1. d4 {[%emt 0:00:00]} e6 {[%emt 0:07:38]} 2. c4 {[%emt 0:00:00]} Nf6 {[%emt 0:00:29]} 3. Nc3 {[%emt 0:00:35]} Bb4 {[%emt 0:00:05]} 4. e3 {[%emt 0:00:35]} O-O {[%emt 0:02:22]} 5. Bd3 {[%emt 0:00:19]} d5 {[%emt 0:00:25]} 6. Nf3 {[%emt 0:00:26]} dxc4 {[%emt 0:04:08]} 7. Bxc4 {[%emt 0:00:06]} c5 {[%emt 0:00:03]} 8. O-O {[%emt 0:01:20]} Nc6 {[%emt 0:00:05]} 9. a3 {[%emt 0:02:45]} Bxc3 {[%emt 0:00:06]} 10. bxc3 {[%emt 0:00:03]} Qc7 {[%emt 0:00:09]} 11. Qe2 {[%emt 0:06:39]} e5 {[%emt 0:00:56]} 12. d5 {[%emt 0:03:22]} e4 {[%emt 0:00:20]} 13. Nd2 {[%emt 0:03:17]} Ne5 {[%emt 0:28:52]} 14. Ba2 {[%emt 0:01:04]} Bf5 {[%emt 0:03:27]} 15. h3 {[%emt 0:08:27]} Bg6 {[%emt 0:17:42]} 16. c4 {[%emt 0:00:52]} Rfe8 {[%emt 0:10:15]} 17. Bb2 {[%emt 0:01:16]} Bh5 {[%emt 0:00:43]} 18. f3 {[%emt 0:01:20]} exf3 {[%emt 0:08:47]} 19. gxf3 {[%emt 0:00:20]} Ng6 {[%emt 0:08:08]} 20. Rae1 {[%emt 0:07:03]} Rxe3 {[%emt 0:01:14]} 21. Qxe3 {[%emt 0:10:43]} Qg3+ {[%emt 0:00:07]} 22. Kh1 {[%emt 0:00:03]} Qxh3+ {[%emt 0:00:21]} 23. Kg1 {[%emt 0:00:04]} Qg3+ {[%emt 0:00:17]} 24. Kh1 {[%emt 0:00:03]} 1/2-1/2

[Event "8th RTU Open 2018"]
[Site "Riga"]
[Date "2018.08.10"]
[Round "7"]
[White "Meskovs, Nikita"]
[Black "Ter Sahakyan, Samvel"]
[Result "1-0"]
[WhiteElo "2524"]
[BlackElo "2551"]
[Annotator "TA"]
[PlyCount "133"]
[EventDate "2018.08.06"]
[EventType "swiss"]
[EventCountry "LAT"]
[SourceTitle "playchess.com"]
[Source "ChessBase"]
[SourceQuality "1"]

{[%evp 16,133,-37,-34,0,-10,0,0,6,-1,22,22,30,29,18,-21,-18,-64,7,-52,0,0,0,-13,24,9,18,0,0,-4,0,-30,-29,-62,-14,-41,-45,-45,-53,-87,-87,-70,-44,-139,-135,-119,87,98,135,135,138,140,149,145,162,160,162,166,207,157,154,144,155,109,194,206,277,267,293,252,268,170,367,361,419,154,285,284,470,469,798,377,380,380,380,380,380,365,356,357,370,364,360,331,362,355,311,202,622,585,291,176,416,410,317,227,625,467,883,679,677,653,12838,12839,12841,12840,12840,12839,1527,1395]} 1. c4 Nf6 2. Nf3 c6 3. Nc3 d5 4. e3 Nbd7 5. d4 e6 6. Qc2 Bd6 7. Bd2 O-O 8. h3 b6 {D45: Semi-Slav: 5 e3} 9. g4 {LiveBook: 3 Games} (9. cxd5 exd5 10. Bd3 Bb7 11. O-O c5 12. Rfd1 Rc8 13. Be1 Re8 14. Qe2 c4 15. Bc2 Ne4 16. Nd2 {½-½ (34) Bischoff,K (2510)-Fressinet,L (2657) Germany 2018}) 9... Bb7 10. g5 Nh5 {The position is equal.} 11. O-O-O $146 ({Predecessor:} 11. cxd5 exd5 12. O-O-O Re8 13. Kb1 c5 14. h4 g6 15. Bh3 f5 16. gxf6 Ndxf6 {½-½ (83) Bezold,M (2475)-Wegner,H (2350) Germany 1994}) 11... Rc8 12. Rg1 c5 13. cxd5 exd5 14. Kb1 a6 15. Bc1 b5 16. dxc5 Rxc5 (16... Nxc5 $15 17. Bg2 Ne4) 17. Qb3 (17. Qd3 $11) 17... Nb6 (17... Rc8 $15 18. Rd4 Nc5) 18. Nd4 g6 19. f4 Nc4 20. Rd3 Re8 21. Qd1 b4 22. Na4 Rc7 23. Be2 Ng7 24. Bf3 Qb8 25. b3 Na3+ 26. Bxa3 bxa3 27. Nc3 Bc5 $1 28. Nc2 (28. Nxd5 $6 Bxd5 29. Bxd5 Bxd4 $11) 28... a5 29. Bxd5 ({Better is} 29. Nxd5 $15 Bxd5 30. Bxd5) 29... Ba6 $17 30. Rd2 (30. Ne4 Bxd3 31. Qxd3 Rec8 $15) 30... Bb4 $2 (30... Be7 $17 {stays on course.} 31. Ne4 Nf5) 31. Ne4 $36 {[%mdl 2048] Black is under strong pressure.} Rxe4 32. Bxe4 Bxd2 33. Qxd2 Ne6 34. Nxa3 Nc5 35. Bc2 a4 {[%cal Ra4b3]} 36. Rd1 Rd7 37. Qc3 axb3 38. axb3 Ne4 39. Qc6 Rxd1+ (39... Bd3 $16 40. Rxd3 Rxd3 41. Qxe4 Rxb3+ 42. Ka2 Rb2+ 43. Ka1 Rb7) 40. Bxd1 $18 Bd3+ {[#]} 41. Kb2 $1 Nf2 42. Bf3 Bf5 {Hoping for ...Nd3+.} 43. Nb5 h6 $2 (43... Qd8 {was called for.} 44. Qa8 Nd1+ 45. Kc1 Qxa8 46. Bxa8 Nxe3) 44. gxh6 Kh7 45. Bd5 $2 (45. Qf6 $18 {[%csl Gh6][%cal Rf6g7]} Qf8 46. Nd6) 45... Nd3+ {[#]} (45... Qd8 $16) 46. Kc3 $1 ({Much less strong is} 46. Ka1 $6 Qd8 $16) 46... Qf8 $2 (46... Qd8 {might work better.} 47. Be4 (47. Bxf7 Qa5+ 48. Kd4 Qa1+ 49. Kc4 Qc1+ 50. Nc3 Qxe3 $14) 47... Nf2 48. Bxf5 gxf5) 47. Qd6 Qe8 (47... Qh8+ $142 48. Nd4 Qc8+ 49. Qc6 Qf8) 48. Bc4 (48. Qf6 $142 {[%csl Gh6][%cal Rf6g7]} Qh8 49. Qxh8+ Kxh8 50. b4) 48... Nf2 49. Qd4 {[%csl Gh6][%cal Rd4g7]} Ne4+ 50. Kb2 {[%csl Gh6][%cal Rd4g7]} Kxh6 51. Bd5 Kh7 52. Nc7 Qe7 53. Bxe4 Bxe4 54. Nb5 Bf5 55. Nd6 Bxh3 56. Ne4 {Threatens to win with Nf6+.} Kg8 $2 (56... Qb7 57. Ng5+ Kg8 58. Nxh3 (58. Qd8+ Kg7 $16) 58... Qg2+ 59. Kc3 Qxh3) 57. Nf6+ Kf8 58. b4 {[%cal Bb3b4,Bb4b5][%mdl 32]} Be6 $2 (58... Qb7 {keeps fighting.} 59. Qc5+ Kg7) 59. b5 Qb7 60. b6 Qg2+ $2 (60... Qa6 61. Kc3 Qa3+ 62. Kc2 Qa2+ 63. Kc3 Qa3+ 64. Kc2 Qa2+ 65. Kc1 Qa3+ 66. Kd1 Qb3+ 67. Ke1 Qb1+ 68. Kd2 Qa2+ 69. Kd3 Qb1+ 70. Kd2 Qa2+ 71. Kc1 Qa3+ 72. Kd1 Qb3+ 73. Ke1 Qb1+ 74. Kd2) 61. Kc3 {White is clearly winning.} Qf1 (61... Qc6+ $142 62. Kb4 Ke7 63. Qc5+ Qxc5+ 64. Kxc5 Bc8) 62. Kb4 Qb1+ 63. Ka5 Qa2+ 64. Qa4 Qxa4+ 65. Kxa4 Bc8 66. Kb5 Ke7 67. Ne4 {Precision: White = 49%, Black = 32%.} 1-0

[Event "8th RTU Open 2018"]
[Site "Riga"]
[Date "2018.08.10"]
[Round "7"]
[White "Annaberdiev, Meilis"]
[Black "Sirosh, Ilja"]
[Result "1-0"]
[WhiteElo "2509"]
[BlackElo "2372"]
[Annotator "TA"]
[PlyCount "119"]
[EventDate "2018.08.06"]
[EventType "swiss"]
[EventCountry "LAT"]
[SourceTitle "playchess.com"]
[Source "ChessBase"]
[SourceQuality "1"]

{[%evp 16,119,18,16,14,17,17,15,14,11,23,18,18,14,17,16,16,0,28,27,27,15,19,25,47,53,83,72,89,60,76,69,77,79,67,56,51,65,50,52,81,46,78,42,37,10,41,41,49,41,55,55,55,56,56,56,90,86,81,50,63,53,122,116,108,91,91,56,56,49,595,643,647,650,631,646,603,614,597,597,727,727,710,707,1152,702,2402,1931,1733,1648,2112,2472,2322,1979,1680,1628,2185,2056,12828,12829,12831,10109,6813,2435,12835,7106]} 1. e4 e5 2. Nf3 Nc6 3. Bc4 Bc5 4. d3 Nf6 5. Bg5 h6 6. Bh4 Be7 {C50: Hungarian Defence and Giuoco Pianissimo} (6... d6 7. c3 a6 8. Nbd2 Ba7 9. O-O g5 10. Bg3 Qe7 11. Kh1 Nh5 12. a4 Nf4 13. b4 Ng6 14. Ne1 Nd8 15. Nc2 Ne6 {0-1 (46) Demchenko,A (2660)-Anand,V (2782) Riadh 2017}) 7. Bg3 d6 8. a4 O-O 9. O-O {LiveBook: 13 Games} Na5 10. Ba2 c5 11. c3 Qb6 $146 ({Predecessor:} 11... Nc6 12. Re1 Be6 13. Bxe6 fxe6 14. Na3 Qd7 15. Nc4 {½-½ (58) Ostrovskiy,A (2414)-Rohan,A (2390) Charlotte 2018}) 12. Qc2 Be6 13. Nbd2 Rac8 14. Nc4 Nxc4 15. Bxc4 Nh5 16. Qe2 Qd8 17. Nd2 {[%cal Bf3d2,Bd2c4,Bc4e3,Be3d5][%mdl 32]} Nxg3 18. hxg3 Qd7 19. Bxe6 Qxe6 20. Nc4 g6 21. Rae1 Bf6 22. f4 exf4 23. Qf3 Rcd8 24. gxf4 d5 25. Ne3 {[%cal Re3d5]} dxe4 26. dxe4 Qc6 27. Nd5 Kg7 28. g3 Rde8 29. Re2 Bd8 30. f5 {[#] aiming for f6+.} gxf5 31. Qxf5 Qg6 32. Qf3 Bg5 33. e5 $36 {[%mdl 2048] White is pushing.} b6 34. c4 Kh7 35. Kg2 Kg7 36. b3 Kh7 37. Qc3 Kg8 38. Rf3 Qh5 ({Black should try} 38... f5 $14) 39. Ref2 Qg4 40. Rf4 Qd1 41. Re4 Re6 42. g4 Rg6 $2 {[%mdl 8192] [#]} (42... Rb8 $14) 43. Rf1 $18 {White is clearly winning.} Qd2+ 44. Qxd2 Bxd2 45. Ne7+ Kg7 46. Nxg6 Kxg6 {[%mdl 4096] Endgame KRR-KRB} 47. e6 Bg5 48. e7 Re8 49. Rd1 Rxe7 50. Rd6+ Kg7 51. Rxe7 Bxe7 {KR-KB} 52. Rd7 Bg5 53. Rxa7 Bd2 54. Rd7 Ba5 55. Rd6 f6 56. Kf3 Kf7 57. Ke4 Kg6 58. Kf4 b5 59. Rc6 bxa4 60. bxa4 {Precision: White = 70%, Black = 42%.} 1-0

[Event "8th RTU Open 2018"]
[Site "Riga"]
[Date "2018.08.10"]
[Round "7"]
[White "Anurag, Mhamal"]
[Black "Kuznecovs, Nikita"]
[Result "0-1"]
[WhiteElo "2484"]
[BlackElo "2280"]
[Annotator "TA"]
[PlyCount "128"]
[EventDate "2018.08.06"]
[EventType "swiss"]
[EventCountry "LAT"]
[SourceTitle "playchess.com"]
[Source "ChessBase"]
[SourceQuality "1"]

{[%evp 19,128,14,16,20,35,18,20,-42,-27,-45,-33,-32,0,-1,0,0,0,-1,10,-24,-22,-10,-9,-97,-48,-76,-97,-114,-101,-121,-123,-130,-133,-126,-61,-84,-83,-83,-95,-129,-129,-149,-142,-115,-78,-77,-63,-60,-55,-63,-60,-54,-52,-66,-64,-106,-109,-133,-133,-147,-158,-213,-202,-204,-170,-219,-179,-156,-156,-159,0,-209,-208,-185,-149,-177,-174,-239,-246,-224,-198,-192,-193,-218,-189,-211,-204,-265,-261,-225,-194,-350,-342,-342,-330,-271,-245,-245,-245,-245,-245,-212,-171,-4630,-4622,-2049,-1982,-1482,-1359,-29969,-29963]} 1. c4 Nf6 2. g3 e6 3. Bg2 d5 4. Nf3 dxc4 5. Qa4+ c6 6. Qxc4 b5 {A13: Reti-Eröffnung} 7. Qb3 Bb7 8. Nc3 (8. O-O Be7 9. d4 O-O 10. Rd1 Nbd7 11. Nc3 Qb6 12. Bg5 h6 13. Bxf6 Nxf6 14. Ne5 {1-0 (27) Grischuk,A (2766)-Karjakin,S (2782) Leuven 2018}) 8... Nbd7 9. d4 a6 10. Ne5 Nxe5 {LiveBook: 3 Partien} 11. dxe5 Nd7 12. Bf4 Qc7 13. O-O-O $146 (13. O-O $11) ({Vorgänger:} 13. O-O Be7 14. Rac1 O-O 15. Ne4 {1-0 (27) Sergeev,V (2440)-Nikoladze,S (2060) Mlada Boleslav 1993}) 13... c5 14. Ne4 Be7 15. Qe3 {Sf6+! ist eine echte Drohung.} O-O-O 16. Nd6+ Bxd6 $1 17. exd6 Qb6 $1 18. Bxb7+ $1 Kxb7 19. Be5 f6 20. Bc3 e5 21. f4 (21. Kb1 $11 {hält das Gleichgewicht.}) 21... exf4 22. gxf4 b4 $36 {[%mdl 2048] Schwarz hat starke Initiative.} 23. Be1 Rhe8 24. Qf3+ Qc6 25. Rg1 Qxf3 26. exf3 Rg8 ({Günstiger ist} 26... g6 $17 27. f5 g5) 27. a3 bxa3 28. bxa3 Rde8 29. Rd3 Re2 30. h4 Kc6 31. Kd1 Re6 32. h5 f5 33. Bc3 g6 34. Kc2 Re2+ 35. Rd2 Rxd2+ 36. Kxd2 Kxd6 $15 {[%mdl 4096] Endspiel KTL-KTS} 37. Kc2 Nb6 38. Be5+ Kc6 39. Kc3 a5 {[%cal Ba6a5,Ba5a4][%mdl 32]} 40. Kb3 (40. Kd3 $17) 40... a4+ $19 41. Kc3 Nd5+ 42. Kc4 Ne7 43. Rd1 {Schwarz muss nun Td6+ beachten.} Nc8 ({Und nicht} 43... gxh5 44. Rd6+ Kc7 45. Rh6+ Kd7 46. Rxh7 $16) 44. Rg1 Nb6+ 45. Kc3 Rd8 $1 46. hxg6 hxg6 47. Rxg6+ Kb5 48. Rg7 (48. Rg1 $142) 48... Nd5+ 49. Kb2 Rh8 50. Rb7+ Kc6 51. Rf7 Rh2+ $1 52. Kb1 {[#]} Ne3 $1 53. Bb2 Kb5 54. Re7 Nd5 55. Re5 $2 (55. Rf7 {kämpft weiter.}) 55... Nxf4 56. Rxf5 Nd3 57. Be5 Re2 58. f4 {[#]} Kc4 $1 {[%cal Rc4b3] ( -> ...Kb3)} 59. Rf8 Kb3 {[%cal Re2e1]} ({Viel schwächer ist} 59... Nxe5 60. fxe5 Rxe5 61. Rf3) 60. Rb8+ Kxa3 61. Bc3 $2 (61. Rb5) 61... Nb4 62. Rg8 Re3 63. Bd2 Rf3 64. Rg2 Kb3 {Precision: Weiß = 33%, Schwarz = 74%.} 0-1

[Event "8th RTU Open 2018"]
[Site "Riga"]
[Date "2018.08.10"]
[Round "7"]
[White "Laurusas, Tomas"]
[Black "Krupenski, Juri"]
[Result "1/2-1/2"]
[WhiteElo "2463"]
[BlackElo "2390"]
[Annotator "TA"]
[PlyCount "178"]
[EventDate "2018.08.06"]
[EventType "swiss"]
[EventCountry "LAT"]
[SourceTitle "playchess.com"]
[Source "ChessBase"]
[SourceQuality "1"]

{[%evp 17,178,29,45,41,81,21,48,43,54,47,59,59,59,58,60,58,59,60,61,58,60,58,60,50,68,64,78,70,68,69,77,66,66,62,80,61,94,52,110,101,103,102,117,98,116,85,102,78,93,89,60,72,93,72,72,83,95,95,97,75,71,39,110,89,94,52,69,69,69,69,95,88,110,81,110,110,110,81,110,81,98,81,92,22,92,92,92,92,92,92,92,0,92,92,92,89,92,53,92,0,92,60,92,60,92,77,91,60,60,60,75,71,91,91,91,0,91,60,91,91,91,91,91,91,91,22,92,18,89,0,7,-53,89,62,89,0,89,48,89,89,89,89,89,89,89,89,104,104,104,89,89,89,104,89,104,0,104,18,104,0,104,0,104]} 1. d4 Nf6 2. c4 e6 3. Nf3 Bb4+ 4. Nbd2 O-O 5. a3 Be7 6. e4 d6 {E11: Bogo-Indian} (6... d5 7. e5 Nfd7 8. Bd3 c5 9. O-O Nc6 10. Re1 a5 11. Qc2 h6 12. Nb3 dxc4 13. Bxc4 cxd4 14. Qe4 a4 15. Bxh6 axb3 16. Bxg7 Kxg7 17. Qg4+ Kh8 18. Qh5+ Kg7 19. Qg4+ Kh8 20. Qh5+ Kg7 21. Qg4+ {½-½ (21) Vitiugov,N (2740)-Tomashevsky,E (2714) Sochi 2018}) 7. Qc2 Nbd7 8. Be2 c5 9. d5 Ng4 {LiveBook: 4 Games} 10. O-O Nge5 $146 ({Predecessor:} 10... Bf6 11. Ne1 Nge5 12. f4 Ng6 13. Ndf3 exd5 14. cxd5 {½-½ (14) Khalifman,A (2621)-Andreev,E (2473) Sochi 2014}) 11. Ne1 (11. Nxe5 $16 {Nd3 is the strong threat.} Nxe5 12. b4) 11... Nb6 12. Nd3 Nxd3 13. Bxd3 e5 14. b4 Nd7 15. Nf3 b6 16. Bd2 Qc7 17. Rfb1 Ba6 18. Be2 Rfc8 19. Rc1 Qd8 20. Qb3 g6 21. Bd3 Kg7 22. Ra2 Rc7 23. Qd1 Rac8 24. b5 Bb7 25. a4 {[%cal Ba3a4,Ba4a5][%mdl 32]} Rb8 26. a5 Bc8 27. Rca1 Nf6 (27... a6 $14) 28. h3 Nh5 29. Qc1 Kh8 30. Be2 Ng7 31. Ng5 Kg8 32. f4 Bf6 33. axb6 axb6 34. Ra8 Bd7 35. Rxb8 Qxb8 36. Bc3 Bxg5 37. fxg5 Ra7 38. Rb1 Ra2 39. Bd1 Qc8 (39... Nh5 $14) 40. g4 Ne8 41. Bb2 Qd8 42. Bb3 Ra7 43. Qe3 $1 Bc8 44. Rf1 Qe7 45. Rf2 Bd7 46. Kg2 Bc8 47. Kf1 Bd7 48. Ke1 Bc8 49. Kd1 Bd7 50. Kc1 (50. Bc1 $16) 50... Bc8 (50... f6 $11) 51. Kb1 $16 Bd7 52. Bd1 Bc8 53. Bc1 Ra8 54. Bb2 (54. Bb3 $16) 54... Qa7 (54... Ra7 $1 $11) 55. Kc1 Qe7 56. h4 Ra7 57. Qg3 Ra8 58. Rf3 (58. Qf3 $16) 58... Ra5 (58... f6 $11) 59. Kb1 Ra8 60. Bc1 Ra5 61. Bd2 Ra8 62. Ra3 (62. Rf2 {is more complex.} Qa7 63. Bc3 Qd7 64. Bb2 Qe7 65. Qf3) 62... Rxa3 63. Qxa3 Qb7 64. Kb2 Qb8 65. Bf3 Nc7 66. Bd1 Ne8 $1 67. Bc3 Kf8 68. h5 Kg8 69. Kc1 Kf8 70. Qa2 Kg8 71. Kc2 (71. Qg2 $16) 71... Kf8 (71... f6 $11) 72. Kd3 (72. Bd2 $16) 72... Kg8 (72... Bd7 $11) 73. Ke3 (73. Be1 $16) 73... Bd7 $11 74. Kf2 (74. hxg6 $11 hxg6 75. Kf2) 74... Bc8 (74... Qd8 $15 {keeps the upper hand.} 75. Bd2 gxh5) 75. Kg3 Bd7 76. Qa4 (76. Bd2 $16) 76... Bc8 (76... gxh5 $11 77. gxh5 Qd8) 77. Kh4 Bd7 78. h6 Bc8 79. Kg3 Kf8 80. Kf2 Ke7 81. Ke1 Kd8 82. Kd2 Bd7 83. Qa1 Ke7 84. Be2 Bc8 85. Kd3 Bd7 86. Qf1 (86. Kc2 $16) 86... Bc8 (86... Qa8 $11 {keeps the balance.}) 87. Qg2 ({White should try} 87. Kc2 $16) 87... Bd7 (87... Qa7 $11) 88. Qh1 ({Better is} 88. Kc2 $16) 88... Bc8 (88... Qc8 $11 {remains equal.}) 89. Qa1 Bd7 {Precision: White = 30%, Black = 38%.} 1/2-1/2

[Event "8th RTU Open 2018"]
[Site "Riga"]
[Date "2018.08.10"]
[Round "7"]
[White "Gorodetzky, David"]
[Black "Shishkov, Andrei"]
[Result "1/2-1/2"]
[WhiteElo "2451"]
[BlackElo "2370"]
[Annotator "TA"]
[PlyCount "43"]
[EventDate "2018.08.06"]
[EventType "swiss"]
[EventCountry "LAT"]
[SourceTitle "playchess.com"]
[Source "ChessBase"]
[SourceQuality "1"]

{[%evp 16,43,21,0,0,0,0,-11,0,0,8,0,13,0,10,0,55,47,66,47,52,50,54,26,30,0,0,0,0,-4]} 1. c4 e6 2. Nc3 d5 3. d4 a6 4. cxd5 exd5 5. Bf4 Nf6 6. e3 {D31: Queen's Gambit Declined: Semi-Slav without ...Nf6 (+ Marshall Gambit and Noteboom) and Exchange Variation lines without ...Nf6} Bd6 7. Bg5 {[%cal Bf4g5,Bg5h4,Bh4g3][%mdl 32]} Be6 8. Bd3 Nbd7 9. Nf3 {LiveBook: 3 Games} (9. f4 h6 10. Bh4 g5 11. fxg5 hxg5 12. Bxg5 Rxh2 13. Rxh2 Bxh2 {1-0 (69) Yu,Y (2762)-Fedoseev,V (2707) Danzhou 2018}) 9... c6 10. Rc1 $146 ({Predecessor:} 10. Qc2 Qc7 11. h3 h6 12. Bxf6 Nxf6 {0-1 (46) Renner,C (2333)-Kriebel,T (2501) Germany 2018}) 10... Qc7 11. Qc2 O-O 12. Bh4 Bg4 13. Bg3 Rfe8 14. a3 Bxf3 (14... g6 {looks sharper.} 15. O-O Bxg3 16. hxg3 Kg7 17. Rfe1 Rad8) 15. gxf3 c5 (15... Rac8 $11) 16. dxc5 $14 Nxc5 {White should prevent ...d4.} 17. Ne2 {[%cal Bc3e2,Be2d4,Bd4b3][%mdl 32] Black must now prevent Bf5.} Nxd3+ 18. Qxd3 Qd7 19. Nd4 Rac8 20. Kd2 Bc5 21. Nb3 Bb6 22. Rxc8 1/2-1/2

[Event "8th RTU Open 2018"]
[Site "Riga"]
[Date "2018.08.10"]
[Round "7"]
[White "Haria, Ravi"]
[Black "Smirin, Ilia"]
[Result "1/2-1/2"]
[WhiteElo "2449"]
[BlackElo "2602"]
[Annotator "TA"]
[PlyCount "54"]
[EventDate "2018.08.06"]
[EventType "swiss"]
[EventCountry "LAT"]
[SourceTitle "playchess.com"]
[Source "ChessBase"]
[SourceQuality "1"]

{[%evp 19,54,31,23,21,36,27,26,21,71,71,73,66,58,68,57,59,70,63,90,33,27,31,56,56,81,77,72,52,52,52,52,26,31,25,48,64,54]} 1. Nf3 d5 2. g3 Bg4 3. Bg2 e6 4. O-O Nd7 (4... Nf6 5. d4 Be7 6. c4 c6 7. Nc3 O-O 8. Qb3 Qb6 9. Ne5 Bh5 10. Bf4 Nbd7 11. Nxd7 Nxd7 12. e4 dxe4 13. Nxe4 Rfd8 14. Rfe1 Nf6 {1-0 (38) Carlsen,M (2843)-So,W (2778) Stavanger 2018}) 5. h3 Bh5 6. d4 {A07: Réti Opening: New York and Capablanca Systems} Ngf6 7. c4 c6 8. cxd5 exd5 9. Qb3 Qb6 10. Qe3+ Be7 {LiveBook: 22 Games} 11. Nh4 {[#] And now Nf5 would win.} Kf8 $146 ({Predecessor:} 11... Bg6 12. Nc3 Kf8 13. Nxg6+ hxg6 {1-0 (35) Krysa,L (2543)-Sharma,D (2261) Dubai 2018}) 12. Nc3 Re8 13. Qd3 Bg6 14. Nxg6+ hxg6 15. Rb1 a5 16. a3 Qb3 17. Qd1 Qxd1 18. Rxd1 Bd6 19. Re1 ({White should play} 19. b4 $16) 19... Nb6 $14 20. b4 axb4 21. axb4 Nc4 22. b5 Bc7 23. bxc6 bxc6 24. Rb3 Ba5 25. e3 Kg8 26. Re2 Kh7 27. Rc2 Rb8 {Precision: White = 73%, Black = 49%.} 1/2-1/2

[Event "8th RTU Open 2018"]
[Site "Riga"]
[Date "2018.08.10"]
[Round "7"]
[White "Merry, Alan B"]
[Black "Pogosyan, Stefan"]
[Result "1-0"]
[WhiteElo "2445"]
[BlackElo "2331"]
[Annotator "TA"]
[PlyCount "77"]
[EventDate "2018.08.06"]
[EventType "swiss"]
[EventCountry "LAT"]
[SourceTitle "playchess.com"]
[Source "ChessBase"]
[SourceQuality "1"]

{[%evp 19,76,17,13,12,34,27,38,33,51,42,51,34,47,33,44,34,35,30,35,8,18,21,24,24,36,38,83,83,133,125,122,121,320,354,441,441,830,829,810,806,781,760,698,471,449,449,414,420,29994,29995,29995,29996,29996,29997,29997,29998,29998,29999,29999]} 1. e4 e5 2. Nf3 Nc6 3. Bb5 a6 4. Ba4 Nf6 5. O-O Be7 6. Bxc6 dxc6 7. d3 Nd7 {[%cal Bf6d7,Bd7f8,Bf8e6,Be6d4][%mdl 32]} 8. b3 c5 9. Bb2 {C85: Closed Ruy Lopez: Deferred Exchange Variation} (9. Nbd2 O-O 10. Nc4 Bd6 11. Bg5 f6 12. Bd2 Nb8 13. a4 b6 14. Nh4 Nc6 15. Ne3 Be6 16. Nef5 Qd7 {½-½ (43) Alekseenko,K (2563)-Kamsky,G (2676) Sochi 2017}) 9... f6 10. Nc3 O-O {LiveBook: 3 Games} 11. Nd5 {The position is equal.} Re8 $146 ({Predecessor:} 11... Nb8 12. Nd2 {½-½ (12) Vesselovsky,S (2455)-Notkin,M (2485) Moscow 1994}) 12. Nh4 Nf8 13. f4 exf4 14. Rxf4 Ne6 15. Rf2 {Threatens to win with Nf5.} Nd4 $1 16. Qh5 {Nxc7 is the strong threat.} Be6 17. Nxe7+ Qxe7 18. Raf1 $36 {[%mdl 2048] Black is under pressure.} Rad8 19. Kh1 b6 20. Nf3 Bf7 21. Qh4 Rd6 22. h3 Qd8 {[#]} 23. e5 $1 {[%mdl 512]} Rd5 (23... fxe5 24. Qxd8) 24. Nxd4 cxd4 25. exf6 {Strongly threatening Rf4.} gxf6 $2 (25... c5 $16 26. Bc1 Rh5) 26. Rxf6 $18 Bg6 27. Bc1 Rf5 (27... Re6 $142 28. Bh6 Rxf6 29. Rxf6 Rd6 30. Rf8+ Qxf8 31. Bxf8 Kxf8 32. Qf4+ Kg7 33. Qe5+ Kf8 34. Qh8+ Ke7 35. Qg7+ Kd8) 28. R1xf5 Bxf5 29. Bh6 {White threatens Qg5+ and mate.} Bg6 30. Qg5 Qd7 31. Rxg6+ hxg6 32. Qxg6+ {[%mdl 4096] Endgame KQR-KQB} Kh8 {[#] White should prevent ...Re1+.} 33. Bg7+ $1 {[%mdl 512]} Kg8 (33... Qxg7 $18 34. Qxe8+ Kh7) 34. Bxd4+ $1 {White mates.} Kf8 {[#]} 35. Qh6+ $1 Kg8 36. Qh8+ Kf7 37. Qg7+ Ke6 38. Qf6+ Kd5 39. c4# {Precision: White = 85%, Black = 27%.} 1-0